Sports Quiz

Random Sports or WWE Quiz

WWE PPV Main Events 2014 Quiz Stats

 Plays Quiz not verified by Sporcle

Challenge
Share
Tweet
Score 0/77 Timer 10:00
0 Plays Today
Event Superstar % Correct
Elimination Chamber
Elimination Chamber Match
John Cena
98.4%
Money in the Bank
WWE World Heavyweight Championship Ladder Match
John Cena
98.4%
Battleground
WWE World Heavyweight Championship Match
John Cena
98.4%
SummerSlam
WWE World Heavyweight Championship Match
John Cena
98.4%
Night of Champions
WWE World Heavyweight Championship Match
John Cena
98.4%
Survivor Series
Tag Team Elimination
John Cena
98.4%
Elimination Chamber
Elimination Chamber Match
Randy Orton
96.6%
WrestleMania XXX
WWE World Heavyweight Championship Match
Randy Orton
96.6%
Money in the Bank
WWE World Heavyweight Championship Ladder Match
Randy Orton
96.6%
Payback
No Holds Barred Six-Man Elimination Match
Randy Orton
96.6%
Battleground
WWE World Heavyweight Championship Match
Randy Orton
96.6%
Royal Rumble
Royal Rumble Match
1-10
Seth Rollins
96.4%
Payback
No Holds Barred Six-Man Elimination Match
Seth Rollins
96.4%
Hell in a Cell
Hell in a Cell Match
Seth Rollins
96.4%
Survivor Series
Tag Team Elimination
Seth Rollins
96.4%
Royal Rumble
Royal Rumble Match
11-20
Roman Reigns
95.9%
Money in the Bank
WWE World Heavyweight Championship Ladder Match
Roman Reigns
95.9%
Payback
No Holds Barred Six-Man Elimination Match
Roman Reigns
95.9%
Battleground
WWE World Heavyweight Championship Match
Roman Reigns
95.9%
Royal Rumble
Royal Rumble Match
1-10
Kane
95.8%
Extreme Rules
WWE World Heavyweight Championship Extreme Rules Match
Kane
95.8%
Money in the Bank
WWE World Heavyweight Championship Ladder Match
Kane
95.8%
Battleground
WWE World Heavyweight Championship Match
Kane
95.8%
Survivor Series
Tag Team Elimination
Kane
95.8%
Royal Rumble
Royal Rumble Match
11-20
Dean Ambrose
95.6%
Payback
No Holds Barred Six-Man Elimination Match
Dean Ambrose
95.6%
Hell in a Cell
Hell in a Cell Match
Dean Ambrose
95.6%
TLC... and Stairs
TLC Match
Dean Ambrose
95.6%
Elimination Chamber
Elimination Chamber Match
Daniel Bryan
95%
WrestleMania XXX
WWE World Heavyweight Championship Match
Daniel Bryan
95%
Extreme Rules
WWE World Heavyweight Championship Extreme Rules Match
Daniel Bryan
95%
Payback
No Holds Barred Six-Man Elimination Match
Triple H
94.4%
Royal Rumble
Royal Rumble Match
21-30
Batista
94.1%
WrestleMania XXX
WWE World Heavyweight Championship Match
Batista
94.1%
Payback
No Holds Barred Six-Man Elimination Match
Batista
94.1%
SummerSlam
WWE World Heavyweight Championship Match
Brock Lesnar
93.8%
Night of Champions
WWE World Heavyweight Championship Match
Brock Lesnar
93.8%
Royal Rumble
Royal Rumble Match
11-20
Dolph Ziggler
92.7%
Survivor Series
Tag Team Elimination
Big Show
92.7%
Event Superstar % Correct
Survivor Series
Tag Team Elimination
Dolph Ziggler
92.7%
Money in the Bank
WWE World Heavyweight Championship Ladder Match
Bray Wyatt
91.4%
TLC... and Stairs
TLC Match
Bray Wyatt
91.4%
Survivor Series
Tag Team Elimination
Luke Harper
87.2%
Royal Rumble
Royal Rumble Match
21-30
Luke Harper
86%
Royal Rumble
Royal Rumble Match
21-30
Erick Rowan
85.9%
Survivor Series
Tag Team Elimination
Erick Rowan
85.9%
Royal Rumble
Royal Rumble Match
1-10
CM Punk
84.6%
Royal Rumble
Royal Rumble Match
11-20
Sheamus
82.9%
Elimination Chamber
Elimination Chamber Match
Sheamus
82.9%
Money in the Bank
WWE World Heavyweight Championship Ladder Match
Sheamus
82.9%
Royal Rumble
Royal Rumble Match
21-30
Ryback
82.8%
Survivor Series
Tag Team Elimination
Ryback
82.8%
Survivor Series
Tag Team Elimination
Mark Henry
82.4%
Royal Rumble
Royal Rumble Match
1-10
Alexander Rusev
81.8%
Survivor Series
Tag Team Elimination
Rusev
81.8%
Royal Rumble
Royal Rumble Match
21-30
Antonio Cesaro
80.2%
Elimination Chamber
Elimination Chamber Match
Cesaro
80.2%
Money in the Bank
WWE World Heavyweight Championship Ladder Match
Cesaro
80.2%
Royal Rumble
Royal Rumble Match
1-10
Kofi Kingston
75.2%
Royal Rumble
Royal Rumble Match
21-30
Rey Mysterio
71.6%
Royal Rumble
Royal Rumble Match
21-30
Big E Langston
69.6%
Royal Rumble
Royal Rumble Match
11-20
The Miz
69.5%
Royal Rumble
Royal Rumble Match
21-30
Alberto Del Rio
68.7%
Money in the Bank
WWE World Heavyweight Championship Ladder Match
Alberto Del Rio
68.7%
Royal Rumble
Royal Rumble Match
1-10
Cody Rhodes
65.8%
Royal Rumble
Royal Rumble Match
1-10
Goldust
65.6%
Elimination Chamber
Elimination Chamber Match
Christian
62%
Royal Rumble
Royal Rumble Match
1-10
Jack Swagger
59.9%
Royal Rumble
Royal Rumble Match
1-10
Jimmy Uso
57.6%
Royal Rumble
Royal Rumble Match
21-30
Jey Uso
57.6%
Royal Rumble
Royal Rumble Match
1-10
Damien Sandow
55.2%
Royal Rumble
Royal Rumble Match
11-20
R-Truth
53.7%
Royal Rumble
Royal Rumble Match
11-20
Kevin Nash
49.7%
Royal Rumble
Royal Rumble Match
21-30
John Bradshaw Layfield
42.6%
Royal Rumble
Royal Rumble Match
11-20
Fandango
38.3%
Royal Rumble
Royal Rumble Match
11-20
The Great Khali
36.8%
Royal Rumble
Royal Rumble Match
11-20
El Torito
32.6%

You're not logged in!

Compare scores with friends on all Sporcle quizzes.
OR
Log In

You Might Also Like...

Show Comments

Extras

Curator's Pick Jul 2, 2015ReportNominate
Tags:WWE Quiz, 2014, event, extra, pay-per-view, ppv, superstar

Top Quizzes Today


Score Distribution

Your Account Isn't Verified!

In order to create a playlist on Sporcle, you need to verify the email address you used during registration. Go to your Sporcle Settings to finish the process.

Report this User

Report this user for behavior that violates our Community Guidelines.

Details: